Qi (click quiz) - Statistiques

Statistiques générales
  • Ce quiz a été pris 143 fois
  • Le résultat moyen est 9 sur 12
Statistiques - réponses
Hint Réponse % Correct
Durée du mandat du Président de la République sans fin Quinquennat interminable
94%
Animal à 4 pattes sans barbe Quadrupède imberbe
84%
Personne âgée de 40 à 49 ans qui s'enivre Quadragénaire ivrogne
83%
Jeu qui ne sert à rien Quiz inutile
82%
Plante céréalière dégoûtante Quinoa infect
79%
13 + 1 parties d'appareils digestifs Quatorze intestins
77%
Commerçant insupportable Quincaillier imbuvable
77%
4 enfants nés d'une même grossesse qui manquent de respect Quadruplés insolents
75%
Rouleau pas bon à manger Quenelle immangeable
75%
Cinquantenaire robuste Quinquagénaire infatigable
75%
Tige enflammée Queue irritée
73%
5 enfants nés d'une même grossesse agaçants Quintuplés insupportables
69%
Aucun quiz correspondant
Distribution des résultats
% des personnes avec chaque résultat
Percentile par nombre de réponses
Votre historique - résultats
Vous n’avez pas pris ce quiz